000 00605nam a2200217Ia 4500
001 18981
003 GE_BSU
008 181216s||||||||xx |||||||||||||| ||und||
040 _cGE_BSU
245 _aГеоморфология. №2.2016.
245 _cГл.ред.Чичагов В.П.
250 _aВыходит 4раза в год.
260 _aМосква
260 _bНаука
260 _c2016
300 _a131стр.24см.
520 _aросийская академия наук
653 _aГеоморфология.
653 _aპერიოდიკა
942 _cCR
999 _c51978
_d51978